<?xml version="1.0" encoding="UTF-8"?>
<record
    xmlns:xsi="http://www.w3.org/2001/XMLSchema-instance"
    xsi:schemaLocation="http://www.loc.gov/MARC21/slim http://www.loc.gov/standards/marcxml/schema/MARC21slim.xsd"
    xmlns="http://www.loc.gov/MARC21/slim">

  <leader>00635cam a22002051  4500</leader>
  <controlfield tag="001">af 48003753 </controlfield>
  <controlfield tag="003">DLC</controlfield>
  <controlfield tag="005">20260227110904.0</controlfield>
  <controlfield tag="008">890210s1941    gw a          000 0 ger c</controlfield>
  <datafield tag="010" ind1=" " ind2=" ">
    <subfield code="a">af 48003753 </subfield>
  </datafield>
  <datafield tag="035" ind1=" " ind2=" ">
    <subfield code="a">(OCoLC)19169439</subfield>
  </datafield>
  <datafield tag="040" ind1=" " ind2=" ">
    <subfield code="a">Yale Univ. Library</subfield>
    <subfield code="c">CU</subfield>
    <subfield code="d">DLC</subfield>
  </datafield>
  <datafield tag="042" ind1=" " ind2=" ">
    <subfield code="a">premarc</subfield>
  </datafield>
  <datafield tag="050" ind1="0" ind2="0">
    <subfield code="a">PN6195</subfield>
    <subfield code="b">.Z4</subfield>
  </datafield>
  <datafield tag="100" ind1="1" ind2=" ">
    <subfield code="a">Zglinitzki, Prusz von,</subfield>
    <subfield code="d">1884-1957.</subfield>
  </datafield>
  <datafield tag="245" ind1="1" ind2="0">
    <subfield code="a">"und alles wegen Evas &#xC4;pfelchen!"</subfield>
    <subfield code="c">[Von] Peter Purzelbaum [pseud.] Zeichnungen von Fritz Sch&#xF6;npflug.</subfield>
  </datafield>
  <datafield tag="260" ind1=" " ind2=" ">
    <subfield code="a">M&#xFC;hlhausen,</subfield>
    <subfield code="b">Bergwald-Verlag</subfield>
    <subfield code="c">[c1941]</subfield>
  </datafield>
  <datafield tag="300" ind1=" " ind2=" ">
    <subfield code="a">159 p.</subfield>
    <subfield code="b">illus.</subfield>
    <subfield code="c">19 cm.</subfield>
  </datafield>
  <datafield tag="650" ind1=" " ind2="0">
    <subfield code="a">German wit and humor.</subfield>
  </datafield>
  <datafield tag="999" ind1=" " ind2=" ">
    <subfield code="c">5757</subfield>
    <subfield code="d">5757</subfield>
  </datafield>
</record>
